Likvidácia ako deštrukčná metóda riešenia krízy podniku bakalárska práca

Gespeichert in:
Bibliographische Detailangaben
1. Verfasser: Mlčal, Nikolas Patrik
Körperschaft: Národohospodárska fakulta EU. Katedra ekonómie
Weitere Verfasser: Strémy, Jana
Format: Buch
Sprache:Slowakisch
Veröffentlicht: Bratislava 2025
Tags: Tag hinzufügen
Keine Tags, Fügen Sie das erste Tag hinzu!

MARC

LEADER 00000nbm a2200000 4500
001 0310966
005 20260210112722.6
041 0 |a slo 
044 |a SK 
245 1 0 |a Likvidácia ako deštrukčná metóda riešenia krízy podniku  |b bakalárska práca  |c Nikolas Patrik Mlčal ; školiteľ: Jana Strémy 
264 1 |a Bratislava  |c 2025 
300 |a 59 s. 
100 1 |a Mlčal, Nikolas Patrik 
700 1 |a Strémy, Jana 
710 2 |a Národohospodárska fakulta EU. Katedra ekonómie